Normal view
MARC view
Entry Nombre personal
001 - NÚMERO DE CONTROL
- campo de control: 83227
003 - IDENTIFICADOR DEL NÚMERO DE CONTROL
- campo de control: DO-SdBNP
005 - FECHA Y HORA DE LA ÚLTIMA TRANSACCIÓN
- campo de control: 20230526105100.0
008 - DATOS DE LONGITUD FIJA
- campo de control de longitud fija: 230330|| aca||aabn | a|a d
040 ## - FUENTE DE LA CATALOGACIÓN
- Centro catalogador/agencia de origen: DO-SdBNP
- Lengua de catalogación: spa
- Centro/agencia transcriptor: BNPHU
100 1# - ENCABEZAMIENTO-NOMBRE DE PERSONA
- Nombre de persona: Sang Ben, Miguel,
- Fechas asociadas al nombre: 1948-
370 ## - LUGAR ASOCIADO
- Lugar de nacimiento: Santiago de los Caballeros (República Dominicana)
400 1# - TRAZADO DE VÉASE--NOMBRE DE PERSONA
- Nombre de persona: Ben, Miguel Sang
670 ## - FUENTE DE DATOS ENCONTRADOS
- Cita de la fuente: Administración para el desarrollo, 1984
